[Event "Moscow op-E"]
[Site "Moscow"]
[Date "2011.02.04"]
[Round "7.214"]
[White "Absoliamov, Javday"]
[Black "Gorshkov, Anatoly"]
[Result "1/2-1/2"]
[WhiteElo "1834"]
[BlackElo "2064"]
[PlyCount "138"]
[EventDate "2011.01.29"]
[EventType "swiss"]
[EventRounds "9"]
[EventCountry "RUS"]
[SourceTitle "EXT 2022"]
[Source "ChessBase"]
[SourceDate "2021.10.06"]
[SourceVersion "1"]
[SourceVersionDate "2021.10.06"]
[SourceQuality "1"]

1. c4 Nf6 2. Nc3 c6 3. d4 d5 4. cxd5 cxd5 5. g3 Bf5 6. Bg2 e6 7. a3 h6 8. Nf3 Nc6 9. 0-0 Bd6 10. b4 Rc8 11. Bb2 0-0 12. Rc1 Ne4 13. Na4 b6 14. Nd2 Nxd2 15. Qxd2 Qd7 16. Nc3 Ne7 17. f3 Bb8 18. Rfd1 Rfd8 19. e3 Bg6 20. Bf1 Rf8 21. Ba6 Rc7 22. Bb5 Qc8 23. Ne2 Rc2 24. Rxc2 Qxc2 25. Qxc2 Bxc2 26. Rc1 Rc8 27. Ba6 Rc7 28. Nc3 Bb3 29. Bf1 Nf5 30. Kf2 Nd6 31. Nb1 Nc4 32. Bxc4 Rxc4 33. Nd2 Rxc1 34. Bxc1 Bc2 35. e4 Kf8 36. Ke3 Ke7 37. e5 a6 38. g4 Kd7 39. Nf1 Bd1 40. Ng3 f6 41. exf6 gxf6 42. Kf2 Bd6 43. Bxh6 a5 44. Bd2 axb4 45. axb4 Ke7 46. h4 Kf7 47. Ne2 Bc2 48. f4 Bd1 49. h5 Bc2 50. Ng1 b5 51. Ke2 Kg7 52. Nh3 Be4 53. Nf2 Bc2 54. Nd3 Kf7 55. g5 Kg7 56. Nc5 Bf5 57. Kf3 Kf7 58. Nd7 Be7 59. Nc5 Bd6 60. Nb7 Be7 61. Na5 Bd6 62. Nc6 Bc7 63. Ke3 Bb6 64. gxf6 Kxf6 65. Ne5 Kg7 66. Nd7 Bc7 67. Kf3 Kh6 68. Nf6 Bd8 69. Nd7 Kxh5 1/2-1/2

[Event "Moscow op-E"]
[Site "Moscow"]
[Date "2011.02.03"]
[Round "6.206"]
[White "Prasolov, Petr"]
[Black "Absoliamov, Javday"]
[Result "1-0"]
[WhiteElo "2014"]
[BlackElo "1834"]
[PlyCount "141"]
[EventDate "2011.01.29"]
[EventType "swiss"]
[EventRounds "9"]
[EventCountry "RUS"]
[SourceTitle "EXT 2022"]
[Source "ChessBase"]
[SourceDate "2021.10.06"]
[SourceVersion "1"]
[SourceVersionDate "2021.10.06"]
[SourceQuality "1"]

1. d4 Nf6 2. c4 e6 3. Nf3 d5 4. Nc3 Bb4 5. e3 0-0 6. Bd3 c5 7. 0-0 Nc6 8. cxd5 exd5 9. dxc5 Bxc5 10. a3 a6 11. Qc2 h6 12. Rd1 Kh8 13. b4 Be7 14. Bb2 Be6 15. Bc4 Rc8 16. Bb3 Na7 17. Qd3 d4 18. Nxd4 Bxb3 19. Nxb3 Qc7 20. Qe2 Nc6 21. Rac1 Rcd8 22. h3 Rd6 23. Rxd6 Qxd6 24. Rd1 Qe6 25. Nd4 Nxd4 26. exd4 Qxe2 27. Nxe2 Nd5 28. Kf1 Bf6 29. Rc1 Re8 30. Rc5 Rd8 31. Ng3 Be7 32. Rc2 g6 33. Ne4 Kg8 34. Nc5 Rc8 35. Re2 Rc7 36. Re5 Nb6 37. Re2 Nc4 38. Bc1 Kg7 39. Bf4 Bd6 40. Bxd6 Nxd6 41. a4 Kf8 42. f3 Nf5 43. Rd2 Ke7 44. d5 Nd6 45. Ke2 Rc8 46. Kd3 h5 47. g4 hxg4 48. hxg4 Rh8 49. Re2+ Kd8 50. Ne4 Kd7 51. Nf6+ Kd8 52. Kd4 b6 53. Rc2 Ke7 54. Ne4 Rc8 55. Rc6 Rxc6 56. dxc6 Nc8 57. Kd5 f6 58. a5 f5 59. gxf5 gxf5 60. Ng3 Kf6 61. f4 bxa5 62. bxa5 Na7 63. c7 Nc8 64. Kc6 Ke6 65. Kb7 Kd7 66. Nxf5 Na7 67. Kxa7 Kxc7 68. Kxa6 Kb8 69. Nd4 Ka8 70. f5 Kb8 71. f6 1-0

[Event "Moscow op-E"]
[Site "Moscow"]
[Date "2011.02.01"]
[Round "4.210"]
[White "Piskov, Vladimir"]
[Black "Absoliamov, Javday"]
[Result "1-0"]
[WhiteElo "2046"]
[BlackElo "1834"]
[PlyCount "67"]
[EventDate "2011.01.29"]
[EventType "swiss"]
[EventRounds "9"]
[EventCountry "RUS"]
[SourceTitle "EXT 2022"]
[Source "ChessBase"]
[SourceDate "2021.10.06"]
[SourceVersion "1"]
[SourceVersionDate "2021.10.06"]
[SourceQuality "1"]

1. d4 Nf6 2. c4 e6 3. g3 d5 4. Bg2 Be7 5. Nf3 0-0 6. 0-0 b6 7. Nc3 Bb7 8. Qa4 c6 9. Rd1 Nbd7 10. Bf4 Nh5 11. Rac1 Nxf4 12. gxf4 f6 13. e3 Re8 14. Bh3 Bd6 15. cxd5 exd5 16. Nxd5 b5 17. Qb3 cxd5 18. Qxb5 Nb6 19. a4 a5 20. Nh4 g6 21. Kh1 Kf7 22. Rg1 Rg8 23. Rg3 Bb4 24. Rcg1 Qd6 25. Qe2 Ba6 26. Qd1 Qc6 27. b3 Bc8 28. f5 Bd6 29. f4 Qe8 30. Qg4 Ke7 31. Qf3 g5 32. R3g2 h6 33. Ng6+ Kd8 34. Ne5 1-0

[Event "Moscow op-B 04th"]
[Site "Moscow"]
[Date "2008.02.03"]
[Round "2"]
[White "Bolshagin, Valery"]
[Black "Absoliamov, Javday"]
[Result "1-0"]
[WhiteElo "2187"]
[BlackElo "1948"]
[PlyCount "81"]
[EventDate "2008.02.02"]
[EventType "swiss"]
[EventRounds "9"]
[EventCountry "RUS"]
[SourceTitle "CBM 122 Extra"]
[Source "ChessBase"]
[SourceDate "2008.03.04"]
[SourceVersion "1"]
[SourceVersionDate "2008.03.04"]
[SourceQuality "1"]

1. e4 c5 2. Nf3 d6 3. Bb5+ Bd7 4. Bxd7+ Qxd7 5. c4 Nc6 6. 0-0 g6 7. d4 cxd4 8. Nxd4 Bg7 9. Be3 Nf6 10. f3 0-0 11. Nc3 Rfd8 12. Qd2 h5 13. Rad1 Kh7 14. b3 Nxd4 15. Bxd4 Bh6 16. Be3 Bxe3+ 17. Qxe3 Qc6 18. e5 dxe5 19. Qxe5 Ng8 20. Kh1 Qf6 21. Qe3 e6 22. Ne4 Qe7 23. h3 Kg7 24. Rd4 b6 25. Rfd1 f6 26. Qd2 Rxd4 27. Qxd4 Re8 28. Nd6 Rb8 29. Nb5 Rb7 30. Nc3 Kh7 31. Ne4 f5 32. Nc3 Nf6 33. Qd6 Qf7 34. Re1 Re7 35. Nd5 Re8 36. Nc7 Re7 37. Rxe6 Rxc7 38. Rxf6 Qg7 39. Rxg6 Qxg6 40. Qxc7+ Kh6 41. Qxa7 1-0